000
00314nam a22001337a 4500
008
180226b xxu||||| |||| 00| 0 eng d
020
_a
9780256069747
041
_a
eng
080
_2
6th
_a
159.9
100
_a
48
101
_a
PSI
245
_a
Communication& interpersonal relations
_c
Haney,W.H
942
_2
udc
_c
BK
999
_c
43431
_d
43431